Spectacular sharks / (Record no. 644)

MARC details
000 -LEADER
fixed length control field 01224nam a22003017a 4500
005 - DATE AND TIME OF LATEST TRANSACTION
control field 20230628084803.0
020 ## - INTERNATIONAL STANDARD BOOK NUMBER
International Standard Book Number 0778712982 (RLB : alk. paper)
020 ## - INTERNATIONAL STANDARD BOOK NUMBER
International Standard Book Number 0778713202 (pbk. : alk. paper)
040 ## - CATALOGING SOURCE
Original cataloging agency DLC
Transcribing agency DLC
Modifying agency DLC
Language of cataloging eng
050 00 - LIBRARY OF CONGRESS CALL NUMBER
Classification number QL638.9
Item number .K36 2003
082 00 - DEWEY DECIMAL CLASSIFICATION NUMBER
Classification number 597.3
Edition number 21
100 1# - MAIN ENTRY--PERSONAL NAME
Personal name Kalman, Bobbie.
245 10 - TITLE STATEMENT
Title Spectacular sharks /
Statement of responsibility, etc. Bobbie Kalman & Molly Aloian.
260 ## - PUBLICATION, DISTRIBUTION, ETC.
Place of publication, distribution, etc. New York, NY :
Name of publisher, distributor, etc. Crabtree ,
Date of publication, distribution, etc. 2003.
300 ## - PHYSICAL DESCRIPTION
Extent 32 pages :
Other physical details color illustrations ;
Dimensions 25 cm.
490 1# - SERIES STATEMENT
Series statement The Living ocean
505 ## - FORMATTED CONTENTS NOTE
Formatted contents note Q <br/>
520 ## - SUMMARY, ETC.
Summary, etc. Spectacular Sharks gives children clear insight into the behavior, habitats, and bodies of these prehistoric fish. Beautiful, full-color photographs feature shark bodies and different species. Fascinating text helps dispel many shark myths and describes how they hunt, why sharks are important to oceans, and why many are in danger.
521 ## - TARGET AUDIENCE NOTE
Target audience note 660 <br/>
Source Lexile estimate <br/>
521 ## - TARGET AUDIENCE NOTE
Target audience note Q <br/>
Source Raz-Plus <br/>
650 #0 - SUBJECT ADDED ENTRY--TOPICAL TERM
Topical term or geographic name entry element Sharks
Form subdivision Juvenile literature.
650 #1 - SUBJECT ADDED ENTRY--TOPICAL TERM
Topical term or geographic name entry element Sharks.
700 1# - ADDED ENTRY--PERSONAL NAME
Personal name Aloian, Molly.
Titles and other words associated with a name illustrator.
906 ## - LOCAL DATA ELEMENT F, LDF (RLIN)
a 7
b cbc
c orignew
d 1
e ecip
f 20
g y-gencatlg
942 ## - ADDED ENTRY ELEMENTS (KOHA)
Source of classification or shelving scheme Dewey Decimal Classification
Koha item type Books
Suppress in OPAC No
999 ## -
-- 644
-- 644
Holdings
Withdrawn status Lost status Source of classification or shelving scheme Damaged status Not for loan Collection Home library Current library Shelving location Date acquired Total Checkouts Full call number Barcode Date last seen Date last checked out Price effective from Koha item type
    Dewey Decimal Classification     Non-Fiction Footprints International School Library Network Toul Kork Campus Footprints International School Library Network Toul Kork Campus Ocean Display Shelf TK Campus 06/28/2023 3 KAL 597.3 FISTK03910 10/17/2025 10/03/2025 06/28/2023 Books